| 000 | 00936nam a2200289 i 4500 | ||
|---|---|---|---|
| 001 | 000013966 | ||
| 003 | DO-SdBNP | ||
| 005 | 20250212083106.0 | ||
| 007 | ta | ||
| 008 | 091202s1969 dr 001 0 spa d | ||
| 040 |
_aDO-SdBNP _bspa _cBNPHU _erda |
||
| 041 | _aspa | ||
| 082 | 4 |
_aRD863.4 _bV864j _222 |
|
| 100 | 1 |
_aVirgilio Díaz Ordóñez, _d1895-1968 _eautor _4aut. _984972 |
|
| 245 | 1 | 0 |
_aJerónimo : _bbiografía de una muerte / _cLigio Vizardi. |
| 264 | 1 |
_aSanto Domingo, República Dominicana : _bEditorial Stella, _c1969. |
|
| 300 |
_a110 páginas ; _c23 cm. |
||
| 336 |
_ardacontent _btexto _2txt |
||
| 337 |
_ardamedia _bsin mediación _2n |
||
| 338 |
_ardacarrier _bvolumen _2nc |
||
| 500 | _aIncluye datos biográficos del autor : p. 5 | ||
| 590 | _aInventariado, 2022/MFF | ||
| 650 | 4 |
_aCuentos domincanos _982738 |
|
| 650 | 4 | _aLiteratura dominicana | |
| 910 | _aValidado. Control de calidad MFF | ||
| 942 |
_2ddc _cLBS1 |
||
| 999 |
_c13570 _d13570 |
||